FNAF UCN - Statistics

General Stats
  • This quiz has been taken 114 times
  • The average score is 41 of 50
Answer Stats
Character % Correct
Freddy
100%
Bonnie
99%
Chica
97%
Puppet
97%
Foxy
96%
Toy Bonnie
96%
Toy Chica
96%
Toy Freddy
96%
Mangle
94%
Withered Golden Freddy
91%
Balloon Boy
90%
JJ
90%
Nightmare
88%
Nightmare Bonnie
88%
Nightmare Freddy
88%
Phantom Freddy
87%
Scraptrap
87%
Withered Bonnie
87%
Withered Chica
87%
Funtime Foxy
85%
Springtrap
85%
Nightmarionne
84%
Phantom Balloon Boy
84%
Lefty
82%
Circus Baby
81%
Ballora
79%
Jac O Chica
79%
Nightmare Fredbear
79%
Nightmare Mangle
79%
Old Man Consequences
79%
Phantom Mangle
79%
Funtime Chica
78%
Happy Frog
78%
Mr. Hippo
78%
Phone Guy
78%
Molten Freddy
76%
Rockstar Foxy
76%
Scrap Baby
76%
Ennard
75%
Orville Elephant
75%
Rockstar Chica
75%
Rockstar Freddy
75%
El Chip
74%
Nedd Bear
72%
Nightmare Balloon Boy
72%
Pig Patch
72%
Rockstar Bonnie
72%
Trash and The Gang
72%
Music Man
68%
Helpy
63%
No matching quizzes found
Score Distribution
Percent of People with Each Score
Percentile by Number Answered
Your Score History
You have not taken this quiz